[Event "Russian Rapid Championship (m)"]
[Site "Sochi"]
[Date "2022.10.16"]
[Round "7.5"]
[White "Iljin, Timofey"]
[Black "Kukhmazov, Arsen"]
[Result "0-1"]
[BlackElo "2459"]
[WhiteElo "2488"]
[LiveChessVersion "1.4.8"]

1. d4 {[%clk 0:15:19]} Nf6 {[%clk 0:15:19]} 2. c4 {[%clk 0:15:28]} e6
{[%clk 0:15:28]} 3. Nc3 {[%clk 0:15:37]} Bb4 {[%clk 0:15:36]} 4. e3
{[%clk 0:15:46]} O-O {[%clk 0:15:43]} 5. a3 {[%clk 0:15:54]} Bxc3+
{[%clk 0:15:13]} 6. bxc3 {[%clk 0:16:03]} c6 {[%clk 0:14:52]} 7. Bd3
{[%clk 0:15:58]} d5 {[%clk 0:15:01]} 8. Ne2 {[%clk 0:16:03]} b6 {[%clk 0:15:05]}
9. O-O {[%clk 0:16:07]} Ba6 {[%clk 0:15:14]} 10. cxd5 {[%clk 0:16:12]} Bxd3
{[%clk 0:15:03]} 11. Qxd3 {[%clk 0:16:19]} cxd5 {[%clk 0:15:12]} 12. c4
{[%clk 0:15:55]} dxc4 {[%clk 0:15:15]} 13. Qxc4 {[%clk 0:16:04]} Qc8
{[%clk 0:15:21]} 14. Qa2 {[%clk 0:15:34]} Qa6 {[%clk 0:15:04]} 15. a4
{[%clk 0:14:50]} Rc8 {[%clk 0:14:59]} 16. Ng3 {[%clk 0:13:55]} Nc6
{[%clk 0:14:59]} 17. Bb2 {[%clk 0:13:43]} Nb4 {[%clk 0:13:15]} 18. Qb3
{[%clk 0:13:18]} Qc4 {[%clk 0:13:24]} 19. Qd1 {[%clk 0:13:10]} h6
{[%clk 0:10:42]} 20. Rc1 {[%clk 0:10:33]} Qa2 {[%clk 0:10:16]} 21. Bc3
{[%clk 0:10:18]} Nbd5 {[%clk 0:09:07]} 22. Bd2 {[%clk 0:10:22]} Rxc1
{[%clk 0:09:13]} 23. Qxc1 {[%clk 0:10:16]} Qxa4 {[%clk 0:09:16]} 24. e4
{[%clk 0:10:25]} Ne7 {[%clk 0:09:20]} 25. Qc7 {[%clk 0:04:29]} Qd7
{[%clk 0:09:12]} 26. Qxd7 {[%clk 0:04:19]} Nxd7 {[%clk 0:09:21]} 27. Ra1
{[%clk 0:04:28]} a5 {[%clk 0:09:25]} 28. Kf1 {[%clk 0:04:30]} Nc6
{[%clk 0:08:03]} 29. Bc3 {[%clk 0:04:17]} Na7 {[%clk 0:07:17]} 30. Ke2
{[%clk 0:04:01]} Nb5 {[%clk 0:07:26]} 31. Bb2 {[%clk 0:04:09]} a4
{[%clk 0:05:51]} 32. Kd3 {[%clk 0:04:13]} a3 {[%clk 0:05:41]} 33. Ne2
{[%clk 0:04:14]} Ra4 {[%clk 0:05:29]} 34. Bc3 {[%clk 0:03:51]} e5
{[%clk 0:05:25]} 35. Rb1 {[%clk 0:02:14]} Nxc3 {[%clk 0:02:49]} 36. Nxc3
{[%clk 0:02:17]} Rxd4+ {[%clk 0:02:56]} 37. Kc2 {[%clk 0:02:27]} Nc5
{[%clk 0:02:11]} 38. Rxb6 {[%clk 0:01:47]} Nxe4 {[%clk 0:02:19]} 39. Nxe4
{[%clk 0:00:36]} Rxe4 {[%clk 0:02:28]} 40. Rb8+ {[%clk 0:00:34]} Kh7
{[%clk 0:02:37]} 41. Ra8 {[%clk 0:00:44]} Re2+ 42. Kd3 Rxf2 {[%clk 0:02:54]} 43.
Rxa3 {[%clk 0:01:03]} Rxg2 {[%clk 0:03:13]} 44. Ke4 {[%clk 0:01:22]} Re2+
{[%clk 0:02:58]} 45. Kf5 {[%clk 0:01:27]} Rxh2 {[%clk 0:03:06]} 46. Kxe5
{[%clk 0:01:35]} g5 {[%clk 0:03:08]} 47. Kf5 {[%clk 0:01:41]} Rf2+
{[%clk 0:03:16]} 48. Kg4 {[%clk 0:01:50]} Rf4+ 49. Kg3 Kg6 50. Ra6+ f6
{[%clk 0:03:43]} 51. Ra5 {[%clk 0:02:19]} h5 {[%clk 0:03:50]} 52. Ra1
{[%clk 0:02:28]} h4+ 53. Kh3 Rf3+ {[%clk 0:04:07]} 54. Kg2 {[%clk 0:02:47]} Rg3+
{[%clk 0:04:17]} 55. Kh2 {[%clk 0:02:57]} f5 {[%clk 0:04:26]} 56. Ra6+
{[%clk 0:03:06]} Kh5 {[%clk 0:04:35]} 57. Ra5 {[%clk 0:03:16]} Kg4
{[%clk 0:04:43]} 58. Ra4+ {[%clk 0:03:25]} f4 {[%clk 0:04:52]} 59. Rb4
{[%clk 0:03:35]} Ra3 {[%clk 0:05:00]} 60. Rb2 {[%clk 0:03:44]} h3
{[%clk 0:05:09]} 61. Rc2 {[%clk 0:03:52]} Kh4 {[%clk 0:05:15]} 62. Rc8
{[%clk 0:04:00]} Ra2+ {[%clk 0:05:24]} 63. Kg1 {[%clk 0:04:09]} Kg3 64. Rc1
{[%clk 0:03:47]} f3 {[%clk 0:05:38]} 65. Rd1 {[%clk 0:00:12]} Rg2+
{[%clk 0:05:46]} 66. Kh1 {[%clk 0:00:22]} Rh2+ {[%clk 0:05:55]} 67. Kg1
{[%clk 0:00:31]} f2+ 68. Kf1 Rh1+ {[%clk 0:06:13]} 69. Ke2 {[%clk 0:00:50]} Rxd1
{[%clk 0:06:21]} 70. Kxd1 {[%clk 0:01:00]} f1=Q+ 71. Kd2 h2 {[%clk 0:06:36]} 72.
Ke3 {[%clk 0:01:18]} h1=Q {[%clk 0:06:42]} 73. Kd4 {[%clk 0:01:27]} Qf4+
{[%clk 0:06:50]} 74. Kc5 {[%clk 0:01:37]} Qhc1+ {[%clk 0:06:58]} 75. Kb5
{[%clk 0:01:44]} Qcc4+ {[%clk 0:07:05]} 76. Kb6 {[%clk 0:01:53]} Qfc7#
{[%clk 0:07:13]} 0-1

[Event "Russian Rapid Championship (m)"]
[Site "Sochi"]
[Date "2022.10.16"]
[Round "7.6"]
[White "Savchenko, Boris"]
[Black "Vlasenko, Miroslav"]
[Result "1-0"]
[BlackElo "2312"]
[WhiteElo "2605"]
[LiveChessVersion "1.4.8"]

1. d4 {[%clk 0:15:15]} f5 {[%clk 0:15:17]} 2. Nh3 {[%clk 0:15:18]} Nf6
{[%clk 0:14:56]} 3. c4 {[%clk 0:15:22]} d6 {[%clk 0:14:55]} 4. Nc3
{[%clk 0:15:16]} g6 {[%clk 0:14:33]} 5. d5 {[%clk 0:14:28]} c6 {[%clk 0:14:09]}
6. Nf4 {[%clk 0:14:24]} Na6 {[%clk 0:13:51]} 7. h4 {[%clk 0:14:25]} Nc7
{[%clk 0:12:40]} 8. Qb3 {[%clk 0:13:31]} Ng4 {[%clk 0:11:34]} 9. f3
{[%clk 0:13:28]} Ne5 {[%clk 0:11:31]} 10. e4 {[%clk 0:13:27]} Bg7
{[%clk 0:10:32]} 11. h5 {[%clk 0:13:23]} g5 {[%clk 0:10:08]} 12. h6
{[%clk 0:13:31]} Bf6 {[%clk 0:10:17]} 13. Nh5 {[%clk 0:13:24]} f4
{[%clk 0:09:58]} 14. Be2 {[%clk 0:13:00]} O-O {[%clk 0:09:18]} 15. Nxf6+
{[%clk 0:12:02]} exf6 {[%clk 0:08:58]} 16. Bd2 {[%clk 0:11:36]} c5
{[%clk 0:08:24]} 17. g3 {[%clk 0:11:20]} fxg3 {[%clk 0:07:00]} 18. Rg1
{[%clk 0:10:26]} a6 {[%clk 0:06:08]} 19. Rxg3 {[%clk 0:10:24]} b5
{[%clk 0:05:52]} 20. f4 {[%clk 0:10:25]} Nxc4 {[%clk 0:04:50]} 21. Bxc4
{[%clk 0:10:31]} bxc4 {[%clk 0:04:59]} 22. Qxc4 {[%clk 0:10:38]} Rb8
{[%clk 0:04:14]} 23. O-O-O {[%clk 0:10:20]} Qe7 {[%clk 0:02:19]} 24. e5
{[%clk 0:09:39]} Rb4 {[%clk 0:02:19]} 25. Qe2 {[%clk 0:09:04]} Bf5
{[%clk 0:01:55]} 26. exf6 {[%clk 0:08:49]} Qxf6 {[%clk 0:01:59]} 27. Rxg5+
{[%clk 0:08:36]} Kh8 {[%clk 0:01:45]} 28. Qg2 {[%clk 0:07:55]} Be4
{[%clk 0:01:20]} 29. Qxe4 {[%clk 0:07:49]} 1-0

[Event "Russian Rapid Championship (m)"]
[Site "Sochi"]
[Date "2022.10.16"]
[Round "7.7"]
[White "Tomashevsky, Evgeny"]
[Black "Drygalov, Andrey"]
[Result "1/2-1/2"]
[BlackElo "2456"]
[WhiteElo "2631"]
[LiveChessVersion "1.4.8"]

1. c4 {[%clk 0:15:18]} c6 {[%clk 0:15:19]} 2. Nf3 {[%clk 0:15:23]} d5
{[%clk 0:15:27]} 3. g3 {[%clk 0:15:31]} g6 {[%clk 0:15:18]} 4. Qa4
{[%clk 0:15:26]} d4 {[%clk 0:12:54]} 5. Bg2 {[%clk 0:15:21]} Bg7 {[%clk 0:13:02]}
6. d3 {[%clk 0:15:26]} e5 {[%clk 0:12:53]} 7. O-O {[%clk 0:15:27]} Ne7
{[%clk 0:13:01]} 8. b4 {[%clk 0:15:22]} O-O {[%clk 0:13:04]} 9. Nbd2
{[%clk 0:15:22]} Nd7 {[%clk 0:12:44]} 10. Rb1 {[%clk 0:14:09]} h6
{[%clk 0:12:47]} 11. Qc2 {[%clk 0:11:33]} f5 {[%clk 0:10:56]} 12. c5
{[%clk 0:10:51]} Nd5 {[%clk 0:10:05]} 13. Nc4 {[%clk 0:10:45]} Nc3
{[%clk 0:09:24]} 14. Rb3 {[%clk 0:09:53]} a5 {[%clk 0:06:53]} 15. a3
{[%clk 0:10:02]} a4 {[%clk 0:05:56]} 16. Rxc3 {[%clk 0:08:11]} dxc3
{[%clk 0:06:05]} 17. Nd6 {[%clk 0:07:44]} Kh7 {[%clk 0:05:41]} 18. Qxc3
{[%clk 0:07:20]} b6 {[%clk 0:04:43]} 19. Nd2 {[%clk 0:02:48]} bxc5
{[%clk 0:04:27]} 20. bxc5 {[%clk 0:02:57]} Qa5 {[%clk 0:04:18]} 21. Qxa5
{[%clk 0:02:54]} Rxa5 {[%clk 0:04:26]} 22. N2c4 {[%clk 0:03:02]} Ra6
{[%clk 0:02:38]} 23. Bb2 {[%clk 0:03:04]} Nxc5 {[%clk 0:02:44]} 24. Bxe5
{[%clk 0:03:08]} Be6 {[%clk 0:02:47]} 25. Rb1 {[%clk 0:02:11]} Nb3
{[%clk 0:02:51]} 26. f4 {[%clk 0:02:20]} Rd8 {[%clk 0:01:47]} 27. Kf2
{[%clk 0:01:21]} Bf8 {[%clk 0:01:55]} 28. Nb7 {[%clk 0:01:10]} Rd7 29. Nbd6 Rd8
{[%clk 0:00:55]} 30. Nb7 {[%clk 0:01:19]} Rd7 {[%clk 0:01:04]} 31. Nbd6
{[%clk 0:01:27]} Rd8 {[%clk 0:01:14]} 32. Ke1 1/2-1/2

[Event "Russian Rapid Championship (m)"]
[Site "Sochi"]
[Date "2022.10.16"]
[Round "7.8"]
[White "Makarian, Rudik"]
[Black "Grachev, Boris"]
[Result "1/2-1/2"]
[BlackElo "2612"]
[WhiteElo "2469"]
[LiveChessVersion "1.4.8"]

1. d4 {[%clk 0:15:19]} d5 {[%clk 0:15:19]} 2. c4 {[%clk 0:15:27]} e6
{[%clk 0:15:28]} 3. Nf3 {[%clk 0:15:35]} Nf6 {[%clk 0:15:37]} 4. g3
{[%clk 0:15:35]} Be7 {[%clk 0:15:39]} 5. Bg2 {[%clk 0:15:43]} O-O
{[%clk 0:15:46]} 6. Nc3 {[%clk 0:15:50]} Nbd7 {[%clk 0:15:46]} 7. Ne5
{[%clk 0:14:07]} c6 {[%clk 0:14:37]} 8. O-O {[%clk 0:14:14]} Nxe5
{[%clk 0:12:48]} 9. dxe5 {[%clk 0:14:22]} Nd7 {[%clk 0:12:45]} 10. cxd5
{[%clk 0:14:29]} cxd5 {[%clk 0:11:26]} 11. e4 {[%clk 0:14:37]} d4
{[%clk 0:10:45]} 12. Qxd4 {[%clk 0:14:06]} Bc5 {[%clk 0:10:30]} 13. Qc4
{[%clk 0:11:16]} b6 {[%clk 0:10:23]} 14. b4 {[%clk 0:10:33]} Nxe5
{[%clk 0:09:55]} 15. Qb3 {[%clk 0:10:37]} Be7 {[%clk 0:09:29]} 16. Rd1
{[%clk 0:09:56]} Qe8 {[%clk 0:09:22]} 17. f4 {[%clk 0:07:27]} Nc6
{[%clk 0:09:30]} 18. Nb5 {[%clk 0:06:16]} Nxb4 {[%clk 0:08:52]} 19. Nc7
{[%clk 0:05:40]} Qc6 {[%clk 0:08:44]} 20. Nxa8 {[%clk 0:05:47]} Bc5+
{[%clk 0:08:09]} 21. Be3 {[%clk 0:01:53]} Nc2 {[%clk 0:07:41]} 22. Bxc5
{[%clk 0:00:39]} Qxc5+ {[%clk 0:07:49]} 23. Kh1 {[%clk 0:00:47]} Nxa1
{[%clk 0:07:56]} 24. Rxa1 {[%clk 0:00:56]} Bb7 {[%clk 0:07:44]} 25. e5
{[%clk 0:00:45]} Bxa8 {[%clk 0:07:35]} 26. Rd1 {[%clk 0:00:48]} Qf2
{[%clk 0:06:53]} 27. Bxa8 {[%clk 0:00:55]} Rxa8 {[%clk 0:07:00]} 28. Qd3
{[%clk 0:00:57]} h6 {[%clk 0:05:52]} 29. Rd2 {[%clk 0:01:04]} Qe1+
{[%clk 0:05:59]} 30. Kg2 {[%clk 0:01:13]} Rc8 {[%clk 0:05:58]} 31. Re2
{[%clk 0:01:05]} Qc1 {[%clk 0:05:46]} 32. f5 {[%clk 0:00:47]} Qc4
{[%clk 0:05:36]} 33. Qxc4 {[%clk 0:00:32]} Rxc4 {[%clk 0:05:45]} 34. fxe6
{[%clk 0:00:28]} fxe6 {[%clk 0:05:54]} 35. Kf3 {[%clk 0:00:31]} Kf7
{[%clk 0:05:33]} 36. g4 {[%clk 0:00:20]} g5 {[%clk 0:05:18]} 37. Re3
{[%clk 0:00:15]} Ra4 {[%clk 0:04:04]} 38. a3 {[%clk 0:00:23]} Ke7
{[%clk 0:04:13]} 39. Kg3 {[%clk 0:00:20]} Kd7 {[%clk 0:04:09]} 40. Rc3
{[%clk 0:00:14]} Re4 {[%clk 0:04:04]} 41. Rd3+ {[%clk 0:00:18]} Ke7
{[%clk 0:03:29]} 42. Rc3 {[%clk 0:00:27]} Rxe5 {[%clk 0:03:28]} 43. Rc7+
{[%clk 0:00:35]} Kf6 {[%clk 0:03:37]} 44. Rxa7 {[%clk 0:00:27]} Ra5
{[%clk 0:03:45]} 45. Rh7 {[%clk 0:00:34]} Rxa3+ {[%clk 0:03:54]} 46. Kg2
{[%clk 0:00:42]} Kg6 {[%clk 0:03:44]} 47. Re7 {[%clk 0:00:43]} Re3
{[%clk 0:03:41]} 48. Rb7 {[%clk 0:00:50]} Rb3 {[%clk 0:03:50]} 49. Re7
{[%clk 0:00:57]} Kf6 {[%clk 0:03:47]} 50. Rh7 {[%clk 0:01:06]} b5
{[%clk 0:03:35]} 51. Rxh6+ {[%clk 0:01:14]} Kf7 {[%clk 0:03:35]} 52. h4
{[%clk 0:00:27]} gxh4 {[%clk 0:03:37]} 53. Rxh4 {[%clk 0:00:36]} b4
{[%clk 0:03:41]} 54. g5 {[%clk 0:00:27]} Rb1 {[%clk 0:02:23]} 55. Rh7+
{[%clk 0:00:14]} Kg6 {[%clk 0:02:20]} 56. Rh6+ {[%clk 0:00:21]} Kxg5
{[%clk 0:02:19]} 57. Rxe6 {[%clk 0:00:30]} b3 {[%clk 0:02:22]} 58. Rb6
{[%clk 0:00:15]} Kf4 {[%clk 0:02:23]} 59. Kf2 {[%clk 0:00:24]} Ke4
{[%clk 0:01:00]} 60. Ke2 {[%clk 0:00:30]} Kd4 {[%clk 0:01:03]} 61. Kd2
{[%clk 0:00:32]} Kc4 {[%clk 0:01:05]} 62. Rb8 {[%clk 0:00:18]} Kd4
{[%clk 0:00:48]} 63. Rb4+ {[%clk 0:00:15]} Kc5 {[%clk 0:00:55]} 64. Rb8
{[%clk 0:00:15]} Kc4 {[%clk 0:01:04]} 65. Rb7 {[%clk 0:00:24]} Rh1
{[%clk 0:01:02]} 66. Rb8 {[%clk 0:00:21]} Ra1 {[%clk 0:00:41]} 67. Rb7
{[%clk 0:00:21]} Rb1 {[%clk 0:00:28]} 68. Rb8 {[%clk 0:00:27]} Rf1
{[%clk 0:00:29]} 69. Rb7 {[%clk 0:00:35]} Rh1 {[%clk 0:00:30]} 70. Rb8
{[%clk 0:00:41]} Rh4 {[%clk 0:00:20]} 71. Kc1 {[%clk 0:00:24]} Kc3
{[%clk 0:00:25]} 72. Rc8+ {[%clk 0:00:30]} Rc4 {[%clk 0:00:28]} 73. Rxc4+
{[%clk 0:00:36]} Kxc4 {[%clk 0:00:37]} 74. Kb2 {[%clk 0:00:44]} Kb4
{[%clk 0:00:46]} 75. Kb1 {[%clk 0:00:53]} Ka3 {[%clk 0:00:55]} 76. Ka1
{[%clk 0:01:02]} b2+ {[%clk 0:01:04]} 77. Kb1 {[%clk 0:01:11]} Kb3
{[%clk 0:01:13]} 1/2-1/2

[Event "Russian Rapid Championship (m)"]
[Site "Sochi"]
[Date "2022.10.16"]
[Round "7.9"]
[White "Chigaev, Maksim"]
[Black "Khubukshanov, Erdem"]
[Result "1-0"]
[BlackElo "2421"]
[WhiteElo "2540"]
[LiveChessVersion "1.4.8"]

1. c4 {[%clk 0:15:17]} e6 {[%clk 0:15:15]} 2. g3 {[%clk 0:15:23]} d5
{[%clk 0:15:15]} 3. Bg2 {[%clk 0:15:31]} Nf6 {[%clk 0:15:22]} 4. Nf3
{[%clk 0:15:38]} Be7 {[%clk 0:15:05]} 5. O-O {[%clk 0:15:44]} O-O
{[%clk 0:15:11]} 6. b3 {[%clk 0:15:51]} c5 {[%clk 0:14:52]} 7. cxd5
{[%clk 0:15:53]} Nxd5 {[%clk 0:14:13]} 8. Nc3 {[%clk 0:15:23]} Bf6
{[%clk 0:13:29]} 9. Bb2 {[%clk 0:15:30]} b6 {[%clk 0:13:36]} 10. Qc2
{[%clk 0:09:25]} Bb7 {[%clk 0:12:47]} 11. Rad1 {[%clk 0:09:00]} Nd7
{[%clk 0:11:58]} 12. Nxd5 {[%clk 0:08:15]} Bxd5 {[%clk 0:12:00]} 13. d4
{[%clk 0:08:23]} Rc8 {[%clk 0:10:02]} 14. e4 {[%clk 0:07:52]} cxd4
{[%clk 0:10:08]} 15. Qe2 {[%clk 0:07:36]} Bb7 {[%clk 0:10:14]} 16. Nxd4
{[%clk 0:06:53]} Qe7 {[%clk 0:09:26]} 17. Rfe1 {[%clk 0:05:09]} a6
{[%clk 0:08:32]} 18. f4 {[%clk 0:04:39]} Bxd4+ {[%clk 0:07:32]} 19. Rxd4
{[%clk 0:04:11]} e5 {[%clk 0:06:38]} 20. Rd2 {[%clk 0:04:20]} Rc7
{[%clk 0:06:43]} 21. Red1 {[%clk 0:03:30]} exf4 {[%clk 0:05:21]} 22. gxf4
{[%clk 0:03:25]} Nc5 {[%clk 0:05:03]} 23. Be5 {[%clk 0:03:28]} Rc6
{[%clk 0:03:59]} 24. Bd6 {[%clk 0:03:32]} Rxd6 {[%clk 0:04:07]} 25. Rxd6
{[%clk 0:03:40]} Nxe4 {[%clk 0:04:12]} 26. Qe3 {[%clk 0:03:28]} Ba8
{[%clk 0:02:14]} 27. Rd7 {[%clk 0:03:20]} Qb4 {[%clk 0:01:17]} 28. R7d4
{[%clk 0:02:12]} Qc3 {[%clk 0:00:44]} 29. Rxe4 {[%clk 0:02:17]} Qc2
{[%clk 0:00:48]} 30. Rc1 {[%clk 0:01:14]} Qb2 {[%clk 0:00:56]} 31. Qc3
{[%clk 0:00:55]} 1-0

[Event "Russian Rapid Championship (m)"]
[Site "Sochi"]
[Date "2022.10.16"]
[Round "7.11"]
[White "Alekseev, Evgeny"]
[Black "Zakhartsov, Vladimir"]
[Result "1/2-1/2"]
[BlackElo "2435"]
[WhiteElo "2533"]
[LiveChessVersion "1.4.8"]

1. e4 {[%clk 0:15:17]} c5 {[%clk 0:15:19]} 2. Nf3 {[%clk 0:15:25]} Nc6
{[%clk 0:15:29]} 3. Bb5 {[%clk 0:14:39]} g6 {[%clk 0:15:37]} 4. Bxc6
{[%clk 0:14:42]} dxc6 {[%clk 0:15:38]} 5. h3 {[%clk 0:14:38]} Qc7
{[%clk 0:15:42]} 6. d3 {[%clk 0:14:19]} e5 {[%clk 0:15:49]} 7. Be3
{[%clk 0:13:36]} Nf6 {[%clk 0:14:58]} 8. O-O {[%clk 0:13:04]} Nh5
{[%clk 0:14:54]} 9. a4 {[%clk 0:12:32]} a5 {[%clk 0:14:59]} 10. Na3
{[%clk 0:12:34]} h6 {[%clk 0:14:51]} 11. Nc4 {[%clk 0:11:08]} f6 {[%clk 0:14:48]}
12. c3 {[%clk 0:09:15]} Be6 {[%clk 0:14:51]} 13. Qe2 {[%clk 0:09:16]} Bxc4
{[%clk 0:13:40]} 14. dxc4 {[%clk 0:09:24]} Ng7 {[%clk 0:13:24]} 15. Nh4
{[%clk 0:09:14]} Qf7 {[%clk 0:13:25]} 16. Qg4 {[%clk 0:05:01]} g5
{[%clk 0:13:26]} 17. Nf5 {[%clk 0:05:09]} h5 {[%clk 0:13:07]} 18. Nxg7+
{[%clk 0:04:37]} Bxg7 {[%clk 0:13:15]} 19. Qf5 {[%clk 0:04:29]} Qxc4
{[%clk 0:13:20]} 20. Rfd1 {[%clk 0:04:30]} O-O {[%clk 0:13:23]} 21. Rd7
{[%clk 0:04:21]} Rf7 {[%clk 0:11:19]} 22. Rxf7 {[%clk 0:04:29]} Qxf7
{[%clk 0:11:13]} 23. Rd1 {[%clk 0:04:37]} b6 {[%clk 0:10:18]} 24. Rd7
{[%clk 0:01:56]} Qe8 {[%clk 0:10:27]} 25. Rb7 {[%clk 0:01:24]} Rb8
{[%clk 0:10:36]} 26. Rxb8 {[%clk 0:01:21]} Qxb8 {[%clk 0:10:45]} 27. Qe6+
{[%clk 0:01:25]} Kh7 {[%clk 0:10:54]} 28. Qxc6 {[%clk 0:01:33]} Qd8
{[%clk 0:11:03]} 29. Kh2 {[%clk 0:01:27]} Bf8 {[%clk 0:10:58]} 30. Qe6
{[%clk 0:01:18]} Kg7 {[%clk 0:10:09]} 31. g3 {[%clk 0:01:27]} Qd6
{[%clk 0:09:58]} 32. Qe8 {[%clk 0:00:21]} Qd1 {[%clk 0:09:47]} 33. Qc6
{[%clk 0:00:29]} Qd6 {[%clk 0:09:50]} 34. Qxd6 {[%clk 0:00:26]} Bxd6
{[%clk 0:09:58]} 35. Kg2 {[%clk 0:00:35]} Kf7 {[%clk 0:09:23]} 36. Kf3
{[%clk 0:00:44]} Bc7 {[%clk 0:09:10]} 37. b3 {[%clk 0:00:48]} Ke6
{[%clk 0:08:59]} 38. Ke2 {[%clk 0:00:57]} Kd7 {[%clk 0:09:03]} 39. Kd3
{[%clk 0:01:05]} Kc6 {[%clk 0:09:11]} 40. Kc4 {[%clk 0:01:14]} g4
{[%clk 0:08:23]} 41. hxg4 {[%clk 0:01:01]} hxg4 {[%clk 0:08:30]} 42. Bd2
{[%clk 0:00:56]} 1/2-1/2

[Event "Russian Rapid Championship (m)"]
[Site "Sochi"]
[Date "2022.10.16"]
[Round "7.12"]
[White "Gutenev, Alexander"]
[Black "Zvjaginsev, Vadim"]
[Result "0-1"]
[BlackElo "2498"]
[WhiteElo "2437"]
[LiveChessVersion "1.4.8"]

1. e4 {[%clk 0:14:40]} c5 {[%clk 0:15:12]} 2. Nf3 {[%clk 0:14:48]} Nc6
{[%clk 0:15:21]} 3. d4 {[%clk 0:14:55]} cxd4 {[%clk 0:15:29]} 4. Nxd4
{[%clk 0:15:03]} g6 {[%clk 0:15:38]} 5. c4 {[%clk 0:15:05]} Nf6 {[%clk 0:15:46]}
6. Nc3 {[%clk 0:15:13]} d6 {[%clk 0:15:54]} 7. Be2 {[%clk 0:15:16]} Nxd4
{[%clk 0:16:02]} 8. Qxd4 {[%clk 0:15:24]} Bg7 {[%clk 0:16:10]} 9. Bg5
{[%clk 0:15:17]} O-O {[%clk 0:16:11]} 10. Qd2 {[%clk 0:15:21]} a5
{[%clk 0:16:17]} 11. f3 {[%clk 0:15:12]} a4 {[%clk 0:16:17]} 12. Rc1
{[%clk 0:15:17]} Be6 {[%clk 0:14:53]} 13. O-O {[%clk 0:14:23]} Re8
{[%clk 0:13:18]} 14. Rfd1 {[%clk 0:13:58]} Qb6+ {[%clk 0:11:55]} 15. Be3
{[%clk 0:13:41]} Qa5 {[%clk 0:12:04]} 16. Nd5 {[%clk 0:13:03]} Nd7
{[%clk 0:11:56]} 17. Kf2 {[%clk 0:08:02]} Kf8 {[%clk 0:11:27]} 18. h4
{[%clk 0:05:28]} Rec8 {[%clk 0:10:29]} 19. Rc2 {[%clk 0:05:06]} Qxd2
{[%clk 0:09:12]} 20. Rdxd2 {[%clk 0:04:51]} a3 {[%clk 0:08:37]} 21. b3
{[%clk 0:03:13]} Bxd5 {[%clk 0:08:41]} 22. Rxd5 {[%clk 0:03:13]} Nc5
{[%clk 0:08:38]} 23. b4 {[%clk 0:02:12]} Na4 {[%clk 0:08:36]} 24. c5
{[%clk 0:01:28]} dxc5 {[%clk 0:05:24]} 25. bxc5 {[%clk 0:01:37]} b6
{[%clk 0:05:30]} 26. c6 {[%clk 0:00:42]} Nc3 {[%clk 0:05:38]} 27. Bxb6
{[%clk 0:00:46]} Rxc6 {[%clk 0:05:34]} 28. Rd8+ {[%clk 0:00:41]} Rxd8
{[%clk 0:05:39]} 29. Bxd8 {[%clk 0:00:49]} Nxe4+ {[%clk 0:05:44]} 0-1

[Event "Russian Rapid Championship (m)"]
[Site "Sochi"]
[Date "2022.10.16"]
[Round "7.13"]
[White "Petrov, Nikita"]
[Black "Dragomarezkij, Evgeni"]
[Result "1-0"]
[BlackElo "2197"]
[WhiteElo "2496"]
[LiveChessVersion "1.4.8"]

1. e4 {[%clk 0:15:17]} e5 {[%clk 0:15:19]} 2. Nc3 {[%clk 0:15:24]} Nf6
{[%clk 0:15:26]} 3. Bc4 {[%clk 0:15:32]} Bb4 {[%clk 0:15:03]} 4. d3
{[%clk 0:12:07]} d5 {[%clk 0:15:03]} 5. exd5 {[%clk 0:12:12]} Nxd5
{[%clk 0:15:09]} 6. Nge2 {[%clk 0:12:18]} Be6 {[%clk 0:14:11]} 7. O-O
{[%clk 0:12:06]} O-O {[%clk 0:11:43]} 8. Bxd5 {[%clk 0:11:54]} Bxd5
{[%clk 0:11:43]} 9. f4 {[%clk 0:12:02]} Nc6 {[%clk 0:09:41]} 10. Nxd5
{[%clk 0:08:26]} Qxd5 {[%clk 0:09:45]} 11. f5 {[%clk 0:08:34]} f6
{[%clk 0:06:05]} 12. Ng3 {[%clk 0:08:41]} Rf7 {[%clk 0:04:02]} 13. Ne4
{[%clk 0:08:31]} Bf8 {[%clk 0:03:53]} 14. Be3 {[%clk 0:07:58]} Nd4
{[%clk 0:03:41]} 15. c3 {[%clk 0:03:26]} Nc6 {[%clk 0:03:42]} 16. Qe2
{[%clk 0:03:33]} Rd8 {[%clk 0:03:31]} 17. Rad1 {[%clk 0:03:42]} Qxa2
{[%clk 0:03:14]} 18. g4 {[%clk 0:03:17]} h6 {[%clk 0:02:03]} 19. h4
{[%clk 0:03:25]} Be7 {[%clk 0:02:11]} 20. Rf3 {[%clk 0:02:43]} Qd5
{[%clk 0:02:10]} 21. Bc1 {[%clk 0:02:46]} Kf8 {[%clk 0:01:48]} 22. g5
{[%clk 0:02:04]} fxg5 {[%clk 0:01:54]} 23. hxg5 {[%clk 0:02:12]} hxg5
{[%clk 0:02:01]} 24. Rh3 {[%clk 0:01:44]} Ke8 {[%clk 0:01:33]} 25. Qg4
{[%clk 0:01:27]} Bf6 {[%clk 0:01:19]} 26. Nxg5 {[%clk 0:00:45]} Bxg5
{[%clk 0:01:23]} 27. Bxg5 {[%clk 0:00:53]} Rd6 {[%clk 0:01:24]} 28. Rh8+
{[%clk 0:00:31]} Rf8 {[%clk 0:00:56]} 29. Rh7 {[%clk 0:00:31]} e4
{[%clk 0:00:49]} 30. Rxg7 {[%clk 0:00:20]} Qxf5 {[%clk 0:00:43]} 31. Qh5+
{[%clk 0:00:15]} Rf7 {[%clk 0:00:51]} 32. Rxf7 {[%clk 0:00:22]} Qxf7
{[%clk 0:00:59]} 33. Qh8+ {[%clk 0:00:24]} Kd7 {[%clk 0:00:54]} 34. Qh3+
{[%clk 0:00:32]} Qe6 {[%clk 0:00:53]} 35. Qh7+ {[%clk 0:00:26]} Ne7
{[%clk 0:01:00]} 36. Qxe7+ {[%clk 0:00:18]} Qxe7 {[%clk 0:01:09]} 37. Bxe7
{[%clk 0:00:27]} Kxe7 {[%clk 0:01:18]} 38. d4 {[%clk 0:00:31]} Rb6
{[%clk 0:01:15]} 39. Rd2 {[%clk 0:00:26]} Ke6 {[%clk 0:01:20]} 40. Kf2
{[%clk 0:00:33]} Kd5 {[%clk 0:01:30]} 41. Ke3 {[%clk 0:00:42]} a5
{[%clk 0:01:05]} 42. Rh2 {[%clk 0:00:28]} Kc4 {[%clk 0:00:59]} 43. Kxe4
{[%clk 0:00:28]} Re6+ {[%clk 0:01:08]} 44. Kf5 {[%clk 0:00:35]} Re7
{[%clk 0:01:16]} 45. Kf6 {[%clk 0:00:42]} Rd7 {[%clk 0:01:14]} 46. Ke6
{[%clk 0:00:45]} Rd6+ {[%clk 0:01:22]} 47. Ke5 {[%clk 0:00:54]} a4
{[%clk 0:01:21]} 48. Rh7 {[%clk 0:00:40]} Rc6 {[%clk 0:01:15]} 49. d5
{[%clk 0:00:49]} Rc5 {[%clk 0:01:15]} 50. Rh4+ {[%clk 0:00:58]} Kb5
{[%clk 0:00:48]} 51. Rb4+ {[%clk 0:01:06]} Ka6 {[%clk 0:00:24]} 52. Rxa4+
{[%clk 0:01:14]} Kb6 {[%clk 0:00:33]} 53. Kd4 {[%clk 0:00:24]} Rb5
{[%clk 0:00:42]} 54. b4 {[%clk 0:00:33]} c6 {[%clk 0:00:19]} 55. c4
{[%clk 0:00:38]} c5+ {[%clk 0:00:14]} 56. bxc5+ {[%clk 0:00:45]} Rxc5
{[%clk 0:00:23]} 57. Rb4+ {[%clk 0:00:53]} 1-0